00388nam a2200133 i 4500001000300000100001600003245003600019260003100055040000800086041000800094080001300102008004100115856009800156bg1 aLENK, R. S. 0aPlastics rheology /cR.S. Lenk. aLondon :bMaclaren,c1968. cBPK apol a539.3/.6 s pl f |000 0 pol  uhttp://koha.tu.koszalin.pl/cgi-bin/koha/opac-detail.pl?biblionumber=13776yKatalog online BPK